| 000 | 00526nam a2200193 a 4500 | ||
|---|---|---|---|
| 005 | 20140310183203.0 | ||
| 008 | 030423s19uu xx 00 eng d | ||
| 020 | _a096154371 | ||
| 050 |
_aRC 933 _b.D47 1988 |
||
| 100 | _aDi Fabio, Anthony | ||
| 245 |
_aThe Art of Getting Well / _cAnthony Di Fabio. |
||
| 260 |
_aUSA : _bTRDF , _c1988. |
||
| 300 |
_a141 p. : _c18 cm. |
||
| 521 | _aNUR | ||
| 650 |
_aRheumatoid athritis _xChemotheraphy. |
||
| 650 | _aAnti -infective agents. | ||
| 942 |
_cBK _2lcc _kFOR |
||
| 999 |
_c19918 _d19918 |
||